| 000 | 00944nam a22002297a 4500 | ||
|---|---|---|---|
| 999 |
_c65869 _d65869 |
||
| 005 | 20240530110847.0 | ||
| 008 | 200912s2020 ua a f b 000 0dara d | ||
| 040 |
_aEG-CaGPL _cEG-CaGPL |
||
| 082 | 0 | 4 |
_221 _a731.46 _bق/ر م |
| 100 | 0 | _aرشا فاروق السيد محمد | |
| 245 | 1 | 0 |
_aمقدمة فى فن النقش والنحت الملكى : _bمنذ بداية عصر الاسرات وحتى نهاية عصر الدولة الوسطى / _cرشا فاروق السيد محمد |
| 250 | _aط.1 | ||
| 260 |
_aالاسكندرية : _bدار المعرفة الجامعية، _c2020 |
||
| 300 |
_a88 ص. ؛ _c24 سم. |
||
| 504 | _aيشتمل على ارجاعات ببليوجرافية | ||
| 650 | 0 | 7 |
_aالنقوش _2qrmak |
| 650 | 0 | 7 | _aالكتابة الهيروغليفية |
| 650 | 0 | 7 |
_aالاثار الفرعونية _2qrmak |
| 651 | _2qrmak | ||
| 942 |
_2ddc _cBK |
||